| 000 | 00415pab a2200157 454500 | ||
|---|---|---|---|
| 008 | 180718b1999 xxu||||| |||| 00| 0 eng d | ||
| 100 | _aGundu Rao, N.C. | ||
| 245 | _aDisbanding of the committee system: need for review | ||
| 260 | _c1999 | ||
| 300 | _ap.8 | ||
| 362 | _a16 Nov | ||
| 650 | _aKarnataka - Politics and government | ||
| 650 | _aPolitics and government | ||
| 773 | _aDeccan Herald | ||
| 909 | _a44363 | ||
| 999 |
_c44363 _d44363 |
||